000 00491cam a22001934a 4500
005 20250605164304.0
008 250528s ||||||||||||||||||||||||d
035 _a22191
020 _a9786185048129
040 _aGR-AtMCL
_bgre
_dGR-AtMCL
_eAACR2
245 1 _aΑΧ, ΓΙΑΤΙ ΝΑ ΕΙΜΑΙ ΓΑΤΑ!
250 _a1
260 _bΑιωρα,
_c2013
300 _a18
700 1 _aΚριεζη Μαριανινα
_98058
942 _cBK
999 _c7247
_d7247